000 00740nam a2200253 a 4500
005 20140930122110.0
008 140220b1997 - ||||| |||| 00| 0 eng d
041 _aeng
044 _acn
090 _aLB
_b00348
100 _aMcAllister, Don E.
_97498
245 _aGlobal freshwater biodiversity
_bstriving for the integrity of freshwater ecosystem
260 _aOttawa
_bSea Wind
_c1997
300 _a140 p.
650 _aRecursos hidrobiológicos
_92554
650 _aImpacto humano
_93679
650 _aAgua dulce
_93892
650 _aConservación ex situ
_94301
650 _aConservación in situ
_93264
650 _aPeces
_927349
700 _aHamilton, Andrew L.
_97500
700 _aHarvey, Brian
_97501
942 _cImpreso
_2z
999 _c368
_d368